Normal view
MARC view
Entry Personal Name
001 - CONTROL NUMBER
- control field: 51337
003 - CONTROL NUMBER IDENTIFIER
- control field: OSt
005 - DATE AND TIME OF LATEST TRANSACTION
- control field: 20250317120530.0
008 - FIXED-LENGTH DATA ELEMENTS
- fixed length control field: 250317|| aca||aabn | a|a d
040 ## - CATALOGING SOURCE
- Original cataloging agency: OSt
- Transcribing agency: OSt
100 ## - HEADING--PERSONAL NAME
- Personal name: Foged, S.K. Houlberg, K. Ladenburg, J. and Madsen, J.E.
670 ## - SOURCE DATA FOUND
- Source citation: Work cat.: (OSt): Foged, S.K. Houlberg, K. Ladenburg, J. and Madsen, J.E. , The relationship between market capacity and local governments’ choice of voucher model
